00621nam a2200157 a 450000500170000000800410001705000240005810000220008224501070010426000420021130000220025344000250027565000320030099900190033295201120035120140412111240.0010420s19uu xx 00 eng d aM 611bA44 19_? v.1 aKawaguchi, Dr. Y. aAll about our bodies :bour teeth, 1 /cby Dr. Y. Kawaguchi ; illustrated by A. Kubota and Y. Sakaigi. aTokyo :bFroebel-kan co., ltd,c[n.d. a1v. (unp.) ; ill. aAll about our bodies aTeeth - Juvenile literature c102688d102688 001040aELbELcMd2001-04-20eDonationl0oM 611 A44 19_? v.1pE2507r2014-04-12 00:00:00w2014-04-12yBK